Os humain ou Astérix? - Statistiques

Statistiques générales
  • Ce quiz a été pris 87 fois
    70 depuis la dernière actualisation
  • Le résultat moyen est 10 sur 15
Statistiques - réponses
Question Réponse % Correct
Idéfix Astérix
98%
Surtax Astérix
85%
Sacrum Os
85%
Tifus Astérix
82%
Tumehéris Astérix
79%
Coccyx Os
79%
Cubitus Os
73%
Chorus Astérix
69%
Talus Os
69%
Laudanum Astérix
68%
Manubrium Os
66%
Lunatum Os
63%
Perclus Astérix
60%
Axium Astérix
55%
Sternum Les deux
6%
Aucun quiz correspondant
Distribution des résultats
% des personnes avec chaque résultat
Percentile par nombre de réponses
Votre historique - résultats
Vous n’avez pas pris ce quiz depuis la dernière actualisation